000 00602nam a22001697a 4500
003 OSt
005 20171010095536.0
008 121030t xxu||||| |||| 00| 0 eng d
040 _aMMSU
_cULS
100 _aAgcaoili, Jay-Ann U.
_913888
245 _aResponse of bunchy type peanut to branch thinning during wet season
_cJay-Ann U. Agcaoili
260 _c2008
300 _axiii, 42 leaves
_c28 cm.
500 _aThesis (BS Agriculture-Agronomy) -- Mariano Marcos State University-College of Agriculture, Food and Sustainable Development
504 _aBibliography: leaf 27
942 _2ddc
_cTHEDIS
999 _c9841
_d9841